| 000 | 00318nam a22001097a 4500 | ||
|---|---|---|---|
| 020 | _a978-3-030-58051-3 | ||
| 040 |
_adlc _cdlc _ddlc _edlc |
||
| 082 |
_a551.48011 _bPAN |
||
| 245 |
_aWater Management and Water Governance / By Ashish Pandey _bHydrological Modeling |
||
| 260 |
_aSpringer _bSpringer _c2021 |
||
| 942 |
_2ddc _cBK |
||
| 999 |
_c594893 _d594893 |
||